000 00720nam a2200241Ia 4500
003 OSt
005 20220930065532.0
006 a|||||r|||| 00| 0
007 ta
008 220926b |||||||| |||| 00| 0 eng d
024 _a5752
037 _cTheses
040 _aCRL
_cCRL
_beng
041 _2eng
_aeng
100 _aNisha Bala
_9526022
110 _aUniversity of Delhi. Faculty of Arts. Department of Philosophy
_978394
245 0 _aGoodness as process, necessity and signification-A study in Ghandian Philosophy
260 _c1991
650 _aPHILOSOPHY
700 _aUniversity of Delhi. Faculty of Arts. Department of Philosophy
_978395
942 _cDIS
_2CC
999 _c859692
_d859692